000
nam a22 7a 4500
999
_c
233232
_d
233232
003
Nust
005
20170306093736.0
008
170306b xxu||||| |||| 00| 0 eng d
040
_c
DLC
082
_a
891.4398 JAV
245
_a
زیروپوائنٹ
_c
جاوید چودھری
260
_a
Lahore :
300
_a
320p. :
_c
25cm
942
_2
ddc
_c
BK